الإسلام وإيران / (رقم التسجيلة. 4388)

تفاصيل مارك
000 -الفاتح
عناصر البيانات ثابتة الطول 00859cam a2200217 i 4500
005 - تاريخ ووقت آخر معاملة
حقل ضبط 20251120101805.0
008 - عناصر البيانات ثابتة الطول
عناصر البيانات ثابتة الطول 250721s1985 ir gr 000 0 ara d
082 14 - رقم تصنيف ديوي العشري
رقم التصنيف 210.955
رقم المادة م ر ت
100 1# - مدخل رئيسي – اسم شخصي
الاسم الشخصي المطهري، مرتضى
علاقة الشخص بالعمل/ دوره مؤلف.
245 12 - بيان العنوان
العنوان الإسلام وإيران /
بيان المسؤولية تأليف الشهيد آية الله مرتضى المطهري ؛ ترجمة محمد هادي اليوسفي الغروي.
250 ## - بيان الطبعة
بيان الطبعة الطبعة الأولى.
264 31 - بيانات النشر، التوزيع…إلخ
مكان النشر، التوزيع...إلخ طهران :
اسم الناشر، الموزع...إلخ منظمة الإعلام الإسلامي _ قسم العلاقات الدولية،
تاريخ النشر، التوزيع...إلخ 1985.
300 ## - الوصف المادي
عدد الوحدات المكونة للوعاء جزء 3.
650 17 - مدخل إضافي بالموضوع - مصطلح موضوعي
مصطلح موضوعي أو اسم جغرافي كعنصر مدخل الإسلام.
650 17 - مدخل إضافي بالموضوع - مصطلح موضوعي
مصطلح موضوعي أو اسم جغرافي كعنصر مدخل التاريخ.
650 17 - مدخل إضافي بالموضوع - مصطلح موضوعي
مصطلح موضوعي أو اسم جغرافي كعنصر مدخل إيران.
650 17 - مدخل إضافي بالموضوع - مصطلح موضوعي
مصطلح موضوعي أو اسم جغرافي كعنصر مدخل المسلمون.
700 1# - مدخل إضافي - اسم شخصي
الاسم الشخصي الغروي، محمد هادي اليوسفي
علاقة الشخص بالعمل/ دوره مترجم.
942 ## - بيانات إضافية (كوها)
نوع التنصيف Dewey Decimal Classification
نوع المادة (كوها) كتب
المقتنيات
حالة السحب حالة الفقدان مصدر التصنيف حالة التلف غير قابل للإعارة المكتبة الرئيسية المكتبة الحالية موقع الرف تاريخ التزويد الرقم المتسلسل Total Checkouts رقم الإستدعاء الباركود تاريخ آخر ظهور تاريخ الفاتورة نوع المادة (كوها)
    Dewey Decimal Classification     المكتبة المركزية المكتبة المركزية الإعارة 06/07/2004 180182   210.955/مرت 180182 28/07/2025 06/07/2004 كتب
Implemented & Customized by: BBB with SCIT (Smart Chains for Information Technology)

Powered by Koha